书目信息 |
| 题名: |
美术字参考
|
|
| 作者: | 江胜全 编绘 | |
| 分册: | ||
| 出版信息: | 成都 四川人民出版社 1981 |
|
| 页数: | 102页 | |
| 开本: | 19cm | |
| 丛书名: | ||
| 单 册: | ||
| 中图分类: | J292.13 | |
| 科图分类: | ||
| 主题词: | 美术字--中国--汇编 | |
| 电子资源: | ||
| ISBN: | ||
| 000 | 00577nam0 2200217 45 | |
| 001 | 0183003807 | |
| 005 | 20061114143855.57 | |
| 010 | @dCNY0.43 | |
| 100 | @a19950630d1981 em y0chiy0121 ea | |
| 101 | 0 | @achi |
| 102 | @aCN@b510000 | |
| 105 | @ay z 000yy | |
| 200 | 10 | @a美术字参考@Amei shu zi can kao@f江胜全编绘 |
| 210 | @a成都@c四川人民出版社@d1981 | |
| 215 | @a102页@d19cm | |
| 606 | @a美术字@y中国@x汇编 | |
| 690 | @aJ292.13@v3 | |
| 701 | 0 | @a江胜全@Ajiang sheng quan@4编绘 |
| 801 | 0 | @aCN@bTSSF@c20061114 |
| 801 | 2 | @aCN@bNLC@c20060819 |
| 905 | @a10447@dJ292.13@e212 | |
| 美术字参考/江胜全编绘.-成都:四川人民出版社,1981 |
| 102页;19cm |
| ISBN :CNY0.43 |
| ● |
| 相关链接 |
|
|
|
|
正题名:美术字参考
索取号:J292.13/212
 
预约/预借
| 序号 | 登录号 | 条形码 | 馆藏地/架位号 | 状态 | 备注 |
| 1 | 0219887 | 001210692 | 第一样本阅览室/ [索取号:J292.13/212] | 在馆 |